Country Capitals that start with A - Statistics

General Stats
  • This quiz has been taken 324 times
  • The average score is 14 of 16
Answer Stats
Country Capital % Correct
Greece Athens
97%
Netherlands Amsterdam
96%
Turkey Ankara
93%
United Arab Emirates Abu Dhabi
91%
Algeria Algiers
90%
Jordan Amman
88%
Paraguay Asuncion
87%
Ethiopia Addis Ababa
86%
Andorra Andorra la Vella
86%
Ghana Accra
84%
Nigeria Abuja
79%
Kazakhstan Astana
78%
Madagascar Antananarivo
76%
Eritrea Asmara
75%
Turkmenistan Ashgabat
74%
Samoa Apia
72%
No matching quizzes found
Score Distribution
Percent of People with Each Score
Percentile by Number Answered
Your Score History
You have not taken this quiz